Liste des Pokémon dont une statistique baisse en évoluant - Statistiques

Statistiques générales
  • Ce quiz a été pris 15 fois
    12 depuis la dernière actualisation
  • Le résultat moyen est 30 sur 66
Statistiques - réponses
Statistique(s) de base qui baisse(nt) Pokémon % Correct
PV Défense Munja
90%
Défense Papilusion
90%
Défense Charmillon
80%
Attaque Vitesse Chrysacier
80%
Attaque Vitesse Coconfort
80%
Défense Dardargnan
80%
Attaque Défense Spéciale Vitesse Armulys
70%
Attaque Défense Spéciale Vitesse Blindalys
70%
Vitesse Cizayox
70%
Vitesse Élekable
70%
Défense Défense Spéciale Lunala
70%
Vitesse Maganon
70%
Défense Manternel
70%
Défense Défense Spéciale Solgaleo
70%
Vitesse Steelix
70%
Défense Défense Spéciale Brutapode
60%
Vitesse Cerbyllin
60%
Vitesse Chrysapile
60%
Vitesse Coléodôme
60%
Attaque* Darumacho
60%
Vitesse Lançargot
60%
Attaque Défense Lucanon
60%
Défense Ninjask
60%
Défense Prismillon
60%
Vitesse Angoliath
50%
Vitesse Bouldeneu
50%
Défense Corayôme
50%
Défense Drattak
50%
Défense Défense Spéciale* Exagide
50%
Vitesse Hachécateur
50%
Défense Défense Spéciale Limaspeed
50%
Vitesse M. Glaquette
50%
Attaque Vitesse Pérégrain
50%
Défense Défense Spéciale Porygon-Z
50%
Attaque Pyrax
50%
Vitesse Sarmuraï
50%
Vitesse Scobolide
50%
Vitesse Sorcilence
50%
Attaque Vibraninf
50%
Vitesse Apireine
40%
Vitesse Corboss
40%
Vitesse Ixon
40%
Vitesse Magnézone
40%
Vitesse Paragruel
40%
Vitesse Scalpereur
40%
Attaque Spéciale Vitesse Ursaking
40%
Vitesse Bazoucan
30%
Vitesse Corvaillus
30%
Vitesse Farigiraf
30%
Vitesse Félinferno
30%
Vitesse Tarpaud
30%
Attaque Spéciale Vitesse Courrousinge
20%
Attaque Spéciale Fragilady de Hisui
20%
Vitesse Armaldo
10%
Vitesse Bekipan
10%
Vitesse Bourrinos
10%
Vitesse Crabominable
10%
Vitesse Lampéroie
10%
Vitesse Monthracite
10%
Vitesse Octillery
10%
Vitesse Tartard
10%
Vitesse Crabaraque
0%
Vitesse Pachyradjah
0%
Défense Pifeuil
0%
Vitesse Prédastérie
0%
Vitesse Rongrigou
0%
Aucun quiz correspondant
Distribution des résultats
% des personnes avec chaque résultat
Percentile par nombre de réponses
Votre historique - résultats
Vous n’avez pas pris ce quiz depuis la dernière actualisation